"Улисс" в русском зеркале (Запись № 10387056)

Подробности
000 -МАРКЕР
контрольное поле 01601nam0a2200373 i 4500
001 - ИДЕНТИФИКАТОР ЗАПИСИ
контрольное поле RU\NLR\BIBL_A\010853987
005 - ИДЕНТИФИКАТОР ВЕРСИИ
контрольное поле 20260406063218.0
010 ## - МЕЖДУНАРОДНЫЙ СТАНДАРТНЫЙ НОМЕР КНИГИ (ISBN)
Номер (ISBN) 9785389099135
Тираж 2000
021 ## - НОМЕР ГОСУДАРСТВЕННОЙ РЕГИСТРАЦИИ
Код страны Российская Федерация
Номер 2015-65219
Номер Листа государственной регистраци 3894
035 ## - ДРУГИЕ СИСТЕМНЫЕ НОМЕРА
Идентификатор записи (NLR Aleph) 010853987
100 ## - ДАННЫЕ ОБЩЕЙ ОБРАБОТКИ
Данные общей обработки 20151001d2015 u y0rusy50 ca
101 0# - ЯЗЫК РЕСУРСА
Язык текста, звукозаписи и т.д. русский
102 ## - СТРАНА ПУБЛИКАЦИИ ИЛИ ПРОИЗВОДСТВА
Страна публикации Российская Федерация
105 ## - ПОЛЕ КОДИРОВАННЫХ ДАННЫХ: ТЕКСТОВЫЕ МАТЕРИАЛЫ, МОНОГРАФИЧЕСКИЕ
Кодированные данные о монографическом текстовом документе y|||z|||000yy
200 1# - ЗАГЛАВИЕ И СВЕДЕНИЯ ОБ ОТВЕТСТВЕННОСТИ
Основное заглавие "Улисс" в русском зеркале
Первые сведения об ответственности С. С. Хоружий
210 ## - ПУБЛИКАЦИЯ, РАСПРОСТРАНЕНИЕ И ДР.
Место издания, распространения и т.д. Санкт-Петербург
Имя издателя, распространителя и т. д. Азбука
Дата издания, распространения и т.д. 2015
215 ## - ФИЗИЧЕСКАЯ ХАРАКТЕРИСТИКА
Специфическое обозначение материала и объем 380, [2] с.
Размеры 22
225 1# - СЕРИЯ
Основное заглавие серии Культурный код
333 ## - ПРИМЕЧАНИЯ ОБ ОСОБЕННОСТЯХ РАСПРОСТРАНЕНИЯ И ИСПОЛЬЗОВАНИЯ
Текст примечания 18+
500 10 - УНИФИЦИРОВАННОЕ ЗАГЛАВИЕ
Унифицированное заглавие Улисс
Системный номер авторитетной/нормативной записи 2636076
Идентификатор авторитетной / нормативной записи RU\NLR\AUTH\5505090
600 #1 - ИМЯ ЛИЦА КАК ПРЕДМЕТ
Начальный элемент ввода Джойс
Часть имени, кроме начального элемента ввода Д.
Даты 1882 - 1941
Расширение инициалов личного имени Джеймс
Тематический подзаголовок и русская литература
Системный номер авторитетной/нормативной записи 1229891
Идентификатор авторитетной/нормативной записи RU\NLR\AUTH\66501418
604 ## - ИМЯ И ЗАГЛАВИЕ КАК ПРЕДМЕТ
Связываемые данные 700#1$aДжойс$bД.$gДжеймс$f1882 - 1941
-- 500##$a"Улисс"$2nlr_sh2$3RU\NLR\AUTH\661400471
Идентификатор авторитетной/нормативной записи RU\NLR\AUTH\661400471
Имя лица Джойс, Джеймс (1882 - 1941)
Заглавие "Улисс"
Системный номер авторитетной/нормативной записи 2343208
606 ## - НАИМЕНОВАНИЕ ТЕМЫ КАК ПРЕДМЕТ
Наименование темы Русская литература
Тематический подзаголовок Связи
-- Ирландская литература
Системный номер авторитетной/нормативной записи 2617502
Идентификатор авторитетной/нормативной записи RU\NLR\AUTH\661554062
675 ## - УНИВЕРСАЛЬНАЯ ДЕСЯТИЧНАЯ КЛАССИФИКАЦИЯ (UDC/УДК)
Индекс 821.111.09
686 1# - ИНДЕКСЫ ДРУГИХ КЛАССИФИКАЦИЙ
Индекс Ш5(4И)16-4Джойс534
686 1# - ИНДЕКСЫ ДРУГИХ КЛАССИФИКАЦИЙ
Индекс Ш5(2=Р)-318.3
700 #1 - ИМЯ ЛИЦА - ПЕРВИЧНАЯ ОТВЕТСТВЕННОСТЬ
Материалы, к которым относится поле rus
Графика поля Кириллица
Начальный элемент ввода Хоружий
Часть имени, кроме начального элемента ввода С. С.
Даты 1941-
Расширение инициалов личного имени Сергей Сергеевич
Идентификатор авторитетной/нормативной записи RU\NLR\AUTH\7786815
Системный номер авторитетной/нормативной записи 69743
702 #1 - ИМЯ ЛИЦА - ВТОРИЧНАЯ ОТВЕТСТВЕННОСТЬ
Код отношения Прочие
Материалы, к которым относится поле rus
Графика поля Кириллица
Начальный элемент ввода Джойс
Часть имени, кроме начального элемента ввода Д.
Даты 1882-1941
Расширение инициалов личного имени Джеймс
Идентификатор авторитетной/нормативной записи RU\NLR\AUTH\7722104
Системный номер авторитетной/нормативной записи 5164
942 ## - ДОПОЛНИТЕЛЬНЫЕ ЭЛЕМЕНТЫ ЗАПИСИ (АБИС)
Тип экземпляра АБИС Книга
980 ## - КОЛЛЕКЦИЯ
Название коллекции НБР

Нет доступных экземпляров.